书目信息 |
| 题名: |
新时代,动出彩
|
|
| 作者: | 高琦 , 刘琼 著 | |
| 分册: | ||
| 出版信息: | 长春 吉林大学出版社 2020 |
|
| 页数: | 247页 | |
| 开本: | 24cm | |
| 丛书名: | ||
| 单 册: | ||
| 中图分类: | G812.4 | |
| 科图分类: | ||
| 主题词: | 全民健身--研究--中国 | |
| 电子资源: | ||
| ISBN: | 978-7-5692-6107-3 | |
| 000 | 00826nam0 2200229 450 | |
| 001 | 2241683155 | |
| 005 | 20221019113510.29 | |
| 010 | @a978-7-5692-6107-3@dCNY76.00 | |
| 100 | @a20200816d2020 em y0chiy50 ea | |
| 101 | 0 | @achi |
| 102 | @aCN@b220000 | |
| 105 | @aa z 000yy | |
| 200 | 1 | @a新时代,动出彩@9xin shi dai , dong chu cai@e全民健身多维研究@f高琦,刘琼著 |
| 210 | @a长春@c吉林大学出版社@d2020 | |
| 215 | @a247页@c图@d24cm | |
| 330 | @a本书共八章,主要内容包括:全民健身概述、全民健身的政策导向与社会深度发展、新时代全民健身的多维创新发展、全民健身理论体系的科学构建、全民时尚操舞健身、全民户外休闲健身、全民传统体育健身等。 | |
| 606 | 0 | @a全民健身@x研究@y中国 |
| 690 | @aG812.4@v5 | |
| 701 | 0 | @a高琦@9gao qi@4著 |
| 701 | 0 | @a刘琼@9liu qiong@4著 |
| 801 | 0 | @aCN@b91MARC@c20201205 |
| 905 | @aZUCC@dG812.4@e2 | |
| 新时代,动出彩:全民健身多维研究/高琦,刘琼著.-长春:吉林大学出版社,2020 |
| 247页:图;24cm |
| ISBN 978-7-5692-6107-3:CNY76.00 |
| 本书共八章,主要内容包括:全民健身概述、全民健身的政策导向与社会深度发展、新时代全民健身的多维创新发展、全民健身理论体系的科学构建、全民时尚操舞健身、全民户外休闲健身、全民传统体育健身等。 |
| ● |
| 相关链接 |
|
|
|
正题名:新时代,动出彩
索取号:G812.4/2
 
预约/预借
| 序号 | 登录号 | 条形码 | 馆藏地/架位号 | 状态 | 备注 |
| 1 | 2000914834 | 2000914834 | 第三书库/ [索取号:G812.4/2] | 在馆 | |
| 2 | 2000914835 | 2000914835 | 第三书库/ [索取号:G812.4/2] | 在馆 | |
| 3 | 2000914836 | 2000914836 | 第三书库/ [索取号:G812.4/2] | 在馆 |